Responses for Show #3182 - Tuesday, June 2, 1998

Contestants

[<< previous game]

Pat Watson, a banking vice president from St. Louis, Missouri

Jack Rowley, a software support specialist from Atlanta, Georgia

Adele Odegard, a lieutenant colonel from Fort Belvoir, Virginia

[next game >>]

Jeopardy! Round responses

3-LETTER SCIENCE
WHOSE COW?
HOW POETIC
ACTING PRESIDENTS
WORLD TRAVEL
ODD WORDS
    $100 2
Bud

Jack
    $100 25
Jack

Pat
    $100 15
Walt Whitman

Jack
    $100 1
Ulysses S. Grant

Jack
    $100 7
Nile

Adele
    $100 12
Gold

Jack
    $200 3
Sun

Jack
    $200 26
Borden

Adele
    $200 21
Heart

Pat
    $200 18
Cliff Robertson

Adele
    $200 8
Nepal

Jack
    $200 13
Bee

Adele
    $300 4
Tin

Adele
    $300 27
Cartoon Network

Jack
    $300 22
John Keats

Adele
    $1,000 19
(A: Who is Thomas Jefferson?)

Abraham Lincoln

Adele
    $300 9
Portugal

Jack
    $300 14
Caterpillar

Pat
    $400 5
Ion

Jack
    $400 28
Disney

Triple Stumper
    $400 23
Carl Sandburg

Pat
    $400 20
James Madison

Pat
    $400 10
(P: What is Manitoba?)

Alberta

AdelePat
    $400 16
Chant

Jack
    $500 6
Ohm

Adele
    $500 29
Egyptians

Pat
    $500 24
(J: Who is Dorothy Parker?)

Emily Dickinson

AdeleJack
    $500 30
Andrew Jackson

Pat
    $500 11
Poland

Jack
    $500 17
Geisha

Adele

Scores at the first commercial break (after clue 15):

Adele Jack Pat
$1,500 $2,000 -$100

Scores at the end of the Jeopardy! Round:

Adele Jack Pat
$2,200 $2,200 $2,000

Double Jeopardy! Round responses

BUSINESS FOUNDERS
AMERICAN ARTISTS
SPORTS
STATE FLAGS
"STRAIGHT" & "NARROW"
PARTY ON!
    $200 2
Adolph Coors

Jack
    $200 1
Grandma Moses

Jack
    $200 12
RFK (Robert F. Kennedy) Stadium

Jack
    $200 6
Oklahoma

Jack
    $200 18
a straight flush

Adele
    $200 17
Beach Party

Pat
    $400 3
Marvel Comics

Jack
    $400 8
Andrew Wyeth

Adele
    $400 27
Pat Riley

Jack
    $400 7
Kansas

Pat
    $400 19
Narrow-minded

Adele
    $400 20
Spain

Pat
    $600 4
Intel

Jack
    $600 9
Gilbert Stuart

Adele
    $200 28
Mark McGwire

Jack
    $600 13
Torch

Adele
    $600 21
Straight man (George Burns)

Jack
    $600 24
"Phantom of the Opera"

Pat
    $1,100 5
(J: Who is Bayer?)

Eli Lilly

Jack
    $800 10
Winslow Homer

Adele
    $800 29
(A: I'm sorry...who is Jesse Owens?)

Michael Johnson

AdeleJack
    $800 14
Pennsylvania

Pat
    $800 22
Narrow gauge

Jack
    $800 25
Lesley Gore

Jack
    $1000 15
Southwest Airlines

Jack
    $1000 11
Georgia O'Keeffe

Adele
    $1000 30
Ryder Cup

Jack
    $1000 16
(A: What is a beaver?)

Eagle, elk or moose

Adele
Triple Stumper
    $1000 23
"Straighten Up and Fly Right"

Triple Stumper
    $1000 26
Queen Elizabeth I

Adele

Scores at the end of the Double Jeopardy! Round:

Adele Jack Pat
$5,400 $8,500 $4,400

[wagering suggestions for these scores]

Final Jeopardy! Round responses

COMPOSERS
PatWho was Shostokovich?
$4,300
AdeleWho is Stravinsky??
$3,000
JackWho is Strauss?
$2,301
Igor Stravinsky

Final scores:

Adele Jack Pat
$8,400 $6,199 $100
New champion: $8,400 2nd place: a trip to Atlantis Hotel & Casino, Paradise Island, Bahamas 3rd place: a Motorola StarTac cellular phone

Game dynamics:

Coryat scores:

Adele Jack Pat
$6,400 $10,000 $4,400
18 R,
3 W
(including 1 DD)
25 R
(including 1 DD),
2 W
(including 1 DD)
12 R,
1 W

Combined Coryat: $20,800

[game clues] [game scores] [suggest correction]

Game tape date: Unknown
The J! Archive is created by fans, for fans. Scraping, republication, monetization, and malicious use prohibited; this site may use cookies and collect identifying information. See terms. The Jeopardy! game show and all elements thereof, including but not limited to copyright and trademark thereto, are the property of Jeopardy Productions, Inc. and are protected under law. This website is not affiliated with, sponsored by, or operated by Jeopardy Productions, Inc. Join the discussion at JBoard.tv.